| 000 | 00671nam a2200265Ia 4500 | ||
|---|---|---|---|
| 008 | 170711s9999 xx 000 0 und d | ||
| 020 | _a9781599630052 | ||
| 050 | _a745.5 | ||
| 050 | _bSi579 2007 | ||
| 100 | _aSigurdson, Trudy | ||
| 245 | _aTantalizing texture : | ||
| 245 | _bideas and techniques for scrapbookers / | ||
| 245 | _cby Trudy Sigurdson. | ||
| 250 | _aFirst edition. | ||
| 260 | _aOhio : | ||
| 260 | _bMemory makers Books, | ||
| 260 | _c2007 | ||
| 300 | _a127 pages : | ||
| 300 | _bcolor illustrations ; | ||
| 300 | _c28cm. | ||
| 650 | _aPhotograph albums. | ||
| 650 | _aScrapbooking. | ||
| 650 | _aTexture (Art). | ||
| 700 | _aTitle. | ||
| 999 |
_c339670 _d339670 |
||